Random Latin Sentences #5 - Statistics

General Stats
  • This quiz has been taken 24 times
  • The average score is 16 of 27
Answer Stats
Latin English % Correct
Stephenus Stephen
90%
Stephenus Stephen
90%
Stephenus Stephen
90%
Bestia Beast
86%
Bestia Beast
86%
Bobbus Bob
86%
Bobbus Bob
86%
Auditus Heard
86%
Fragmen Piece
81%
Per Through
76%
Arbor Tree
76%
Aer Air
71%
Clamat Scream
67%
Clamat Screamed
67%
Ex Out
62%
Vulgus People
62%
Sex Six
62%
Subito Suddenly
52%
Dissulto Flew
48%
Exsilio Leaped
48%
Videvet Saw
43%
Cecidit Fell
24%
Alium Other
24%
Lamberverunt Ripped
24%
Segmenti Shreds
24%
Deorsus Down
19%
Deficio Faints
10%
No matching quizzes found
Score Distribution
Percent of People with Each Score
Percentile by Number Answered
Your Score History
You have not taken this quiz